Biblioteca

El evangelio según Jesucristo (Registro nro. 65895)

Detalles MARC
000 -LÍDER
Campo fijo de descripción fija 01824nam a2200373 i 4500
001 - NÚMERO DE CONTROL
Campo de control 768714001
003 - IDENTIFICADOR DEL NÚMERO DE CONTROL
Campo de control CO-MdFUSB
005 - FECHA Y HORA DE LA ULTIMA TRANSACCIÓN
control field 20250401104505.0
007 - CAMPO FIJO DE DESCRIPCIÓN FIJA--INFORMACIÓN GENERAL
Campo fijo de descripción fija ta
008 - ELEMENTOS DE LONGITUD FIJA -- INFORMACIÓN GENERAL
Campo fijo de descripción fija -- Información general 200521t1991 sp |||| |||| 00| 0 spa d
020 ## - NÚMERO INTERNACIONAL NORMALIZADO PARA LIBROS
Número Internacional Normalizado del libro 8466318453
040 ## - FUENTE DE CATALOGACIÓN
Agencia de catalogación original CO-MdFUSB
Idioma de catalogación spa
Agencia que realiza la transcripción CO-MdFUSB
Agencia que realiza la modificación CO-MdFUSBC
Convenciones de la descripción rda
041 ## - CÓDIGO DE IDIOMA
Código de idioma para texto/pista de sonido o título separado spa
Código de idioma original por
082 ## - NÚMERO DE CLASIFICACIÓN DECIMAL DEWEY
Número de la edición del Dewey 23
Número de clasificación 869.342
Clave de autor-Numero de item SA243
100 ## - ASIENTO PRINCIPAL--NOMBRE PERSONAL
Nombre personal Saramago, José
Fechas asociadas con el nombre 1922-2010
Término relacionador autor
240 ## - TITULO UNIFORME
Título uniforme <a href="O Evangelbo segundo Jesus Cristo">O Evangelbo segundo Jesus Cristo</a>
245 #3 - TÍTULO
Título del Material El evangelio según Jesucristo
Mención de responsabilidad, etc. / José Saramago ; traducido por Basilio Losada
246 ## - FORMA VARIANTE DEL TITULO
Título propiamente dicho/forma breve del título O Evangelbo segundo Jesus Cristo
264 #1 - PRODUCCIÓN, PUBLICACIÓN, DISTRIBUCIÓN, MANUFACTURA, Y COPYRIGHT
Lugar de producción, publicación, distribución, manufactura Madrid, España :
Nombre del productor, publicador, distribuidor Santillana,
Fecha de producción, publicación, distribución, manufactura, o copyright [1991]
264 #4 - PRODUCCIÓN, PUBLICACIÓN, DISTRIBUCIÓN, MANUFACTURA, Y COPYRIGHT
Fecha de producción, publicación, distribución, manufactura, o copyright ©1991
300 ## - DESCRIPCIÓN FÍSICA
Dimensiones 492 páginas ;
Extensión 19 cm
336 ## - TIPO DE CONTENIDO
Fuente rdacontent
Término de tipo de contenido texto
Código de tipo de contenido txt
337 ## - TIPO DE MEDIO
Fuente rdamedia
Nombre del tipo de medio sin mediación
Código del tipo de medio n
338 ## - TIPO DE SOPORTE
Fuente rdacarrier
Nombre del tipo de soporte volumen
Código Tipo de soporte nc
490 ## - MENCIÓN DE SERIE
Mención de serie Narrativa
520 3# - NOTA DE RESUMEN, ETC.
Nota de sumario, etc. José, en lugar de ser un carpintero sin ningún tipo de inquietud, es recreado por el autor como un personaje complejo y fascinante, atormentado por la culpa y el arrepentimiento por haber preferido salvar a su hijo antes que alertar a la población sobre la intenciones de Herodes.
520 1# - NOTA DE RESUMEN, ETC.
Nota de sumario, etc. El evangelio según Jesucristo, que tanto sorprendió al mundo católico, presenta una visión mundana de los hechos relativos al Nazareno: las circunstancias de su nacimiento, los primeros interrogatorios a su madre, los encuentros con ángeles y demonios, el descubrimiento del amor junto a María de Magdala, los diálogos existenciales y la angustia por saber cuál es el verdadero sentido y función de su existencia ante los ojos de Dios...
563 ## - NOTA DE ENCUADERNACIÓN
Nota de encuadernación Rústico
650 #7 - ASIENTO SECUNDARIO DE MATERIA - TERMINO TEMÁTICO
Fuente del encabezamiento o término embne
9 (RLIN) 2265
Término temático o nombre geográfico como elemento de entrada Literatura hispanoamericana
653 ## - TÉRMINO DE INDIZACIÓN - NO CONTROLADO
Término no controlado Novela
700 ## - ASIENTO SECUNDARIO - NOMBRE PERSONAL
9 (RLIN) 5130
Nombre personal Losada, Basílio,
Responsabilidad traductor
942 ## - TIPO DE MATERIAL (KOHA)
Tipo de Item KOHA Libros General
945 ## - INFORMACIÓN LOCAL DEL REGISTRO
Catalogador Dani
Existencias
Estado de Material Estado de Perdido Forma de Clasificación Estado de Dañado No para Préstamo Colección Biblioteca de Origen Biblioteca Permanente Fecha de Adquisición Área Total de Préstamos Signatura Topográfica Código de Barras Última vez visto Ejemplar/Existencia Fecha de Remplazo Tipo de Material
    Dewey Decimal Classification     Colección General Biblioteca FUSBC Biblioteca FUSBC 21/05/2020 LITERATURA   G 869.342 SA243ev 16154 31/05/2025 Ej.1 21/05/2020 Libros General

Biblioteca FUSBC | Teléfono: (57+4) 349 88 10 Ext. 141| WhatsApp (+57) 3005338115 
E-mail: biblioteca@unisbc.edu.co | Calle 76 87-14 Robledo Palenque, Medellín, Colombia

Con tecnología Koha